000
00324nam a2200133Ia 4500
005
20260328101512.0
008
260328s9999||||xx |||||||||||||| ||und||
100
_a
Ledrut, Raymond
245
0
_a
I Espace Social de la Ville /
_c
Raymond Ledrut
260
_b
Anthropos
300
_a
365 p.
650
_a
URBANISMO
942
_c
BK
999
_c
9226
_d
9226